LEADER 01356nam--2200421---450- 001 990000795640203316 005 20100122111803.0 010 $a88-204-7461-1 035 $a0079564 035 $aUSA010079564 035 $a(ALEPH)000079564USA01 035 $a0079564 100 $a20011210d1994----km-y0itay0103----ba 101 $aita 102 $aIT 105 $a||||||||001yy 200 1 $aCrediti e recupero crediti$etecniche per migliorare il vostro flusso di cassa$fCandace L. Mondello$g[traduzione di Patrizia Zelioli] 205 $a3. ed. 210 $aMilano$cF. Angeli$d1994 215 $a118 p$d22 cm 225 2 $a50 minuti$iLe guide rapide d'autoformazione$v5 312 $aCredits and Collections 410 $12001$a50 minuti$iLe guide rapide d'autoformazione$v5 454 $12001$aCredits and Collections$939452 606 0 $aCredito$xRecupero 676 $a658.88 700 1$aMONDELLO,$bCandace L.$0246256 801 0$aIT$bsalbc$gISBD 912 $a990000795640203316 951 $a658.88 MON 1 (COLL. PJL 5)$b3257 EC$cCOLL. PJL$d00263820 959 $aBK 969 $aECO 979 $aPATTY$b90$c20011210$lUSA01$h1003 979 $c20020403$lUSA01$h1726 979 $aPATRY$b90$c20040406$lUSA01$h1655 979 $aRSIAV2$b90$c20100122$lUSA01$h1118 996 $aCredits and Collections$939452 997 $aUNISA